20 Greatest Shooting Guards of All Time - Statistics

General Stats
  • This quiz has been taken 46 times
  • The average score is 12 of 20
Answer Stats
Hint Answer % Correct
CHI/WAS Michael Jordan
100%
LAL Kobe Bryant
95%
MIA Dwayne Wade
93%
PHI Allen Iverson
85%
POR Clyde Drexler
83%
HOU/LAC James Harden
83%
SAS Manu Ginobili
80%
IND Reggie Miller
75%
BOS/MIL Ray Allen
68%
SAS George Gervin
65%
GSW/DAL Klay Thompson
65%
ORL/HOU Tracy McGrady
63%
TOR Vince Carter
58%
DET Joe Dumars
53%
NYK Earl Monroe
35%
BOS Sam Jones
33%
LAL Gail Goodrich
25%
PHI Hal Greer
25%
BOS Bill Sharman
15%
BOS Dennis Johnson
13%
No matching quizzes found
Score Distribution
Percent of People with Each Score
Percentile by Number Answered
Your Score History
You have not taken this quiz